| 000 | 00863nam a2200325Ia 4500 | ||
|---|---|---|---|
| 008 | 171025s9999 xx 000 0 und d | ||
| 020 | _a590484109 | ||
| 050 | _a331.47 | ||
| 050 | _bD229 1996 | ||
| 100 | _aDash, Joan | ||
| 245 | _aWe shall not be moved : | ||
| 245 | _bthe women's factory strike of 1909 / | ||
| 245 | _cby Joan Dash. | ||
| 260 | _aNew York : | ||
| 260 | _bPolaris, | ||
| 260 | _c1996 | ||
| 300 | _a165 pages : | ||
| 300 | _billustration ; | ||
| 300 | _c19cm. | ||
| 500 | _aIncludes bibliographic reference and index. | ||
| 650 | _aNew York -- History -- | ||
| 650 | _aStrikes and lockouts -- | ||
| 650 | _aWomen -- | ||
| 650 | _aWomen clothing workers -- | ||
| 650 | _xClothing trade. | ||
| 650 | _xEmploymeny -- History. | ||
| 650 | _xJuvenile literature. | ||
| 650 | _xJuvenile literature. | ||
| 700 | _aTitle. | ||
| 999 |
_c344834 _d344834 |
||